Yield response wheat as affected by irrigation and potassium fertilizer / (Record no. 13174)

MARC details
000 -LEADER
fixed length control field 01101nam a22003017a 4500
003 - CONTROL NUMBER IDENTIFIER
control field BD-DhSAU
005 - DATE AND TIME OF LATEST TRANSACTION
control field 20190114132059.0
008 - FIXED-LENGTH DATA ELEMENTS--GENERAL INFORMATION
fixed length control field 151021b2014 bg ||||| |||| 001 0 eng d
040 ## - CATALOGING SOURCE
Original cataloging agency BD-DhSAU
082 ## - DEWEY DECIMAL CLASSIFICATION NUMBER
Edition number 22
Classification number 630
Item number C5529
100 ## - MAIN ENTRY--PERSONAL NAME
Personal name Chowdhury, Md. Samsujjoha
Relator term Registration # 07-02469
245 ## - TITLE STATEMENT
Title Yield response wheat as affected by irrigation and potassium fertilizer /
Remainder of title MS thesis
260 ## - PUBLICATION, DISTRIBUTION, ETC. (IMPRINT)
Place of publication, distribution, etc. Sher-e-Bangla Agricultural University :
Name of publisher, distributor, etc. Department of Agronomy,
Date of publication, distribution, etc. 2014
300 ## - PHYSICAL DESCRIPTION
Extent vii, 73 p. :
Other physical details ill. ;
Dimensions 30 cm.
500 ## - GENERAL NOTE
General note MS thesis of Department of Agronomy, Faculty of Agriculture, Sher-e-Bangla Agricultural University, Dhaka, Bangladesh
590 ## - Name of Cataloguer
Name of Cataloger Md. Sirajul Islam
650 ## - SUBJECT ADDED ENTRY--TOPICAL TERM
Topical term or geographic name as entry element Agronomy
650 ## - SUBJECT ADDED ENTRY--TOPICAL TERM
Topical term or geographic name as entry element Yield
650 ## - SUBJECT ADDED ENTRY--TOPICAL TERM
Topical term or geographic name as entry element Wheat
650 ## - SUBJECT ADDED ENTRY--TOPICAL TERM
Topical term or geographic name as entry element Affected
650 ## - SUBJECT ADDED ENTRY--TOPICAL TERM
Topical term or geographic name as entry element Irrigation
650 ## - SUBJECT ADDED ENTRY--TOPICAL TERM
Source of heading or term Potassium
650 ## - SUBJECT ADDED ENTRY--TOPICAL TERM
Topical term or geographic name as entry element Fertilizer
700 ## - ADDED ENTRY--PERSONAL NAME
Personal name Baque, Md. Abdullahil
Relator term Supervisor
700 ## - ADDED ENTRY--PERSONAL NAME
Personal name Biswas, Parimal Kanti
Relator term Co-Supervisor
856 ## - ELECTRONIC LOCATION AND ACCESS
Uniform Resource Identifier <a href="http://archive.saulibrary.edu.bd:8080/xmlui/handle/123456789/634">http://archive.saulibrary.edu.bd:8080/xmlui/handle/123456789/634</a>
Link text Online Access
942 ## - ADDED ENTRY ELEMENTS (KOHA)
Source of classification or shelving scheme Dewey Decimal Classification
Koha item type MS Level Thesis
Holdings
Withdrawn status Lost status Source of classification or shelving scheme Damaged status Not for loan Collection code Home library Branch Name Shelving location Date acquired Total Checkouts Full call number Barcode Date last seen Price effective from Koha item type
    Dewey Decimal Classification   Not For Loan Reference SAU Library SAU Library Reference     630 C5529 39266 21/10/2015 21/10/2015 MS Level Thesis